000 00454nam a2200181Ia 4500
008 230917s9999||||xx |||||||||||||| ||und||
020 _cRS850
040 _e257377
_aMAIN
041 _aEnglish
082 _a346.03 R187L(28)
100 _aRattan Lal
245 0 _aLaw of torts
250 _a28th ed.
260 _aGurgaon
_bLexis Nexis
_c2019
300 _accxi, 848 p.
500 _a3582 13/08/2019 HBD19/8043 09/12/2019 Main Budget
942 _cBK
999 _c32478
_d32478